000 00746naa a2200145 i 4500
001 10414
003 KOSZ 005
005 20180421120611.0
008 180316s2008 pl ||||f |||| 00| 0 pol d
040 _aKOSZ 005/HR
_cKOSZ 005/HR
100 1 _aROSA, Anna.
_d2001 - .
_bPolitechnika Koszalińska - Instytut Ekonomii i Zarządzania,
_cZakład Finansów
245 1 0 _aZnaczenie specjalnej strefy ekonomicznej w Słupsku dla rozwoju Pomorza Środkowego /
_cAnna Rosa.
773 0 _iW :
_tPomorze Środkowe - społeczeństwo, wieś, gospodarka : wybrane problemy / [red. nauk. Danuta Zawadzka]. -
_dKoszalin : Polskie Towarzystwo Ekonomiczne. Oddział : Fundacja Nauka dla Środowiska. Politechnika Koszalińska, 2008. -
_gs. 215-228
942 _2UKD
_cROZ
999 _c10414
_d10414